000 00489nam a2200169 i 4500
001 C2-0236812
003 PPAK
005 20180729161637.0
008 011023s1992 my |||| ||||| | may d
040 _aPPAK
_beng
_cPPAK
_erda
245 0 0 _aForum isu semasa :
_bKrisis Bosnia Herzergovina
264 1 _aAlor Setar, Kedah :
_bPerbadanan Perpustakaan Awam Kedah ,
_c1992
336 _2rdacontent
_atext
337 _2rdamedia
_aunmediated
338 _2rdacarrier
_avolume
942 _ddc
_cB
999 _c164860
_d164860